| 000 | 00548nam a22001937a 4500 | ||
|---|---|---|---|
| 003 | CEME | ||
| 005 | 20210628202900.0 | ||
| 008 | 210126b xxu||||| |||| 00| 0 eng d | ||
| 020 | _a3-540-53058-4 | ||
| 040 | _c. | ||
| 082 | _a532.050151 FLE | ||
| 100 |
_aFletcher, C.A.J _92415 |
||
| 245 | _aComputational techniques for fluid dynamics fundamental and general techniques | ||
| 250 | _a2ND | ||
| 260 |
_aNEW DELHI _bSPRINGER _c1998 |
||
| 300 | _aXIII,401 P | ||
| 650 |
_aCOMPUTATIONAL TECHNIQUES FOR FLUID DYNAMICS _962131 |
||
| 942 |
_cBK _2ddc |
||
| 999 |
_c571340 _d571340 |
||